[Event "37th ECC Women 2022"]
[Site "Mayrhofen AUT"]
[Date "2022.10.09"]
[Round "7.1"]
[Board "4"]
[White "Maltsevskaya, Aleksandra"]
[Black "Cyfka, Karina"]
[Result "1/2-1/2"]
[WhiteTitle "IM"]
[BlackTitle "IM"]
[WhiteElo "2389"]
[BlackElo "2347"]
[WhiteTeam "ASVOe Pamhagen"]
[BlackTeam "BGK KS Gwiazda Bydgoszcz"]
[WhiteFideId "24174041"]
[BlackFideId "1122681"]
[EventDate "2022.10.03"]

1. e4 e5 2. Nc3 Nf6 3. Bc4 Nc6 4. d3 Na5 5. Bb3 Nxb3 6. axb3 Bc5 7. f4 d6 8. f5
a6 9. Bg5 c6 10. Nge2 h6 11. Bh4 g5 12. fxg6 fxg6 13. d4 Bb6 14. Qd3 g5 15. Bg3
Qe7 16. O-O-O Bg4 17. h3 Bxe2 18. Nxe2 O-O-O 19. dxe5 dxe5 20. Qf3 Rhf8 21.
Rxd8+ Bxd8 22. Rd1 Bc7 23. Bh2 Kb8 24. Ng3 Qb4 25. Bg1 b6 26. Qe3 a5 27. Bf2 a4
28. Be1 Qb5 29. bxa4 Qxa4 30. Kb1 Kb7 31. b3 Qa3 32. Bc3 b5 33. Nf5 h5 34. Ng7
Qe7 35. Nf5 Qa3 36. g4 hxg4 37. hxg4 Qa7 38. Qe2 Qc5 39. Qe1 Ra8 40. Bb4 Qa7 41.
Bc3 Qc5 42. Bb4 Qa7 43. Bc3 Qc5 1/2-1/2

[Event "37th ECC Women 2022"]
[Site "Mayrhofen AUT"]
[Date "2022.10.09"]
[Round "7.2"]
[Board "1"]
[White "Muzychuk, Anna"]
[Black "Buksa, Nataliya"]
[Result "0-1"]
[WhiteTitle "GM"]
[BlackTitle "IM"]
[WhiteElo "2534"]
[BlackElo "2413"]
[WhiteTeam "Cercle d'Echecs de Monte-Carlo"]
[BlackTeam "Blue & Yellow"]
[WhiteFideId "14111330"]
[BlackFideId "14123622"]
[EventDate "2022.10.03"]

1. e4 c5 2. Nf3 Nc6 3. Nc3 e5 4. Bc4 Be7 5. d3 d6 6. Nd2 Bg5 7. h4 Bh6 8. Qh5 g6
9. Qd1 Nf6 10. Nf1 Bxc1 11. Qxc1 h6 12. Ne3 Nd4 13. Ncd5 Nxd5 14. Bxd5 Ne6 15.
Bb3 Nc7 16. Qd2 Qe7 17. g3 Be6 18. Bxe6 Qxe6 19. h5 b6 20. c4 Qd7 21. b4 Qd8 22.
bxc5 dxc5 23. hxg6 fxg6 24. Ng4 h5 25. Rd1 Ne6 26. Nxe5 Qf6 27. f4 g5 28. Qc2
O-O-O 29. Qa4 Rh7 30. Nc6 Qc3+ 31. Ke2 gxf4 32. Qa6+ Kc7 33. Nxd8 Nd4+ 34. Kf1
Kxd8 35. Rh2 fxg3 36. Rg2 Rf7+ 37. Kg1 Nf3+ 38. Kh1 Qf6 0-1

[Event "37th ECC Women 2022"]
[Site "Mayrhofen AUT"]
[Date "2022.10.09"]
[Round "7.2"]
[Board "2"]
[White "Gaponenko, Inna"]
[Black "Stefanova, Antoaneta"]
[Result "0-1"]
[WhiteTitle "IM"]
[BlackTitle "GM"]
[WhiteElo "2348"]
[BlackElo "2440"]
[WhiteTeam "Blue & Yellow"]
[BlackTeam "Cercle d'Echecs de Monte-Carlo"]
[WhiteFideId "14101181"]
[BlackFideId "2902257"]
[EventDate "2022.10.03"]

1. e4 c6 2. d4 d5 3. exd5 cxd5 4. Bd3 Nc6 5. c3 Qc7 6. h3 g6 7. Nf3 Bf5 8. Be2
Rd8 9. O-O Bg7 10. Be3 Nf6 11. Nbd2 O-O 12. Re1 h6 13. Nh4 Bc8 14. Bd3 e5 15.
dxe5 Nxe5 16. Bf4 Rfe8 17. Nhf3 Nfd7 18. Bb5 Nxf3+ 19. Qxf3 Qc5 20. Bxd7 Bxd7
21. Nb3 Qb5 22. Bc7 Rc8 23. Rxe8+ Rxe8 24. Rd1 Bc6 25. Qd3 Re1+ 26. Kh2 Rxd1 27.
Qxd1 Qa4 28. Qb1 Bb5 29. Bb8 Bc4 30. Qe1 d4 31. Nxd4 Qxa2 32. Qd2 a5 33. Nf3 Bd5
34. Ne5 a4 35. Qd4 Be6 36. Qb4 Qd5 37. Ng4 b5 38. Ne3 Qc6 39. Qd6 Qb7 40. Qd8+
Kh7 41. Bd6 Qe4 42. Qa5 Qd3 43. Qb4 Qe2 44. Kg3 h5 45. h4 Bb3 46. Qa3 Kg8 47.
Bf4 Bf8 48. Qa1 b4 49. cxb4 Bxb4 50. Qc1 Be1 51. Qc8+ Kh7 52. Be5 Qxe3+ 0-1

[Event "37th ECC Women 2022"]
[Site "Mayrhofen AUT"]
[Date "2022.10.09"]
[Round "7.2"]
[Board "3"]
[White "Cramling, Pia"]
[Black "Doluhanova, Evgeniya"]
[Result "1/2-1/2"]
[WhiteTitle "GM"]
[BlackTitle "WGM"]
[WhiteElo "2459"]
[BlackElo "2264"]
[WhiteTeam "Cercle d'Echecs de Monte-Carlo"]
[BlackTeam "Blue & Yellow"]
[WhiteFideId "1700030"]
[BlackFideId "14112035"]
[EventDate "2022.10.03"]

1. d4 Nf6 2. c4 e6 3. Nf3 b6 4. g3 Bb7 5. Bg2 Be7 6. O-O O-O 7. Re1 Ne4 8. Nfd2
d5 9. cxd5 exd5 10. Nc3 Nxc3 11. bxc3 c5 12. dxc5 Bxc5 13. Nb3 Na6 14. c4 Bb4
15. Rf1 Nc7 16. Bf4 Ne6 17. Be5 f6 18. Bb2 Nc7 19. Rc1 a5 20. Qc2 Rf7 21. Rfd1
a4 22. Nd4 Qe8 23. Nf5 Rd8 24. Bd4 Ba5 25. Rb1 Ba6 26. Bxb6 Bxb6 27. Rxb6 Rfd7
28. cxd5 Qxe2 29. Qxe2 Bxe2 30. Rd2 Bc4 31. d6 Na8 32. Rb4 Be6 33. Ne3 Kf7 34.
a3 Ra7 35. Bc6 Ra6 36. Bb7 Rb6 37. Rxb6 Nxb6 38. Rd4 Bb3 39. Bc6 Ke6 40. Rb4 Nd7
41. Bxa4 Bxa4 42. Rxa4 g5 43. Re4+ Kxd6 44. Nf5+ Kd5 45. Rd4+ Kc6 46. Ne7+ Kc7
47. Nd5+ Kc8 48. Rc4+ Kb8 49. Kg2 h5 50. Rb4+ Ka7 51. h3 Rc8 52. Rd4 Rh8 53. Ne7
Ne5 54. f4 gxf4 55. gxf4 Nf7 56. Rd7+ Kb6 57. Nf5 Nd8 58. Rd6+ Kc5 59. Rxf6 Nc6
60. Rh6 Ra8 61. Rxh5 Rxa3 62. Ne7+ Kd6 63. Nxc6 Kxc6 64. Re5 Kd6 65. h4 Rb3 66.
h5 Ra3 67. h6 Ra7 68. Rh5 Rh7 69. Kf3 Ke6 70. Kg4 Kf7 71. Kg5 Kg8 72. Rh1 Rf7
73. Re1 Kh7 74. f5 Ra7 75. Re5 Ra1 76. Re7+ Kg8 77. Kg6 Rg1+ 78. Kf6 Rf1 79.
Rg7+ Kh8 80. Rd7 Kg8 81. Rc7 Rf2 82. Rd7 Rf1 83. Rd8+ Kh7 84. Ke6 Ra1 85. f6
Ra6+ 86. Rd6 Ra8 87. Rd2 Kxh6 88. Ke7 Ra7+ 89. Rd7 Ra8 90. Kf7 Ra6 91. Rc7 Kg5
92. Rc5+ Kh6 93. Re5 Ra7+ 94. Re7 Ra6 95. Re6 Ra8 96. Ke7 Kg6 97. f7+ Kg7 98.
Re2 Ra7+ 99. Ke8 Ra8+ 100. Ke7 1/2-1/2

[Event "37th ECC Women 2022"]
[Site "Mayrhofen AUT"]
[Date "2022.10.09"]
[Round "7.2"]
[Board "4"]
[White "Tarleva, Diana"]
[Black "Paehtz, Elisabeth"]
[Result "0-1"]
[WhiteTitle "WGM"]
[BlackTitle "IM"]
[WhiteElo "2175"]
[BlackElo "2469"]
[WhiteTeam "Blue & Yellow"]
[BlackTeam "Cercle d'Echecs de Monte-Carlo"]
[WhiteFideId "14107244"]
[BlackFideId "4641833"]
[EventDate "2022.10.03"]

1. e4 c5 2. Nf3 d6 3. d4 cxd4 4. Nxd4 Nf6 5. Nc3 a6 6. h3 e5 7. Nb3 Be7 8. Be3
Be6 9. Nd5 Nxd5 10. exd5 Bf5 11. Bd3 Bg6 12. Bxg6 hxg6 13. Qd3 Nd7 14. O-O-O Rc8
15. f4 Qc7 16. f5 gxf5 17. Qxf5 Nf6 18. Bb6 g6 19. Bxc7 gxf5 20. Bb6 f4 21. Na5
Rg8 22. Rhg1 Ne4 23. Rd3 Bg5 24. Kb1 f5 25. c4 Bh4 26. Nxb7 Rxc4 27. a3 Rc8 28.
Na5 Rb8 29. Nc4 Rxb6 30. Nxb6 f3 31. g4 fxg4 32. hxg4 Bf2 33. Rgd1 Bxb6 34. Rxf3
Rxg4 35. Rb3 Bd4 36. Rb7 Nc5 37. Rb8+ Kd7 38. Rh1 Rg1+ 39. Rxg1 Bxg1 40. b4 Na4
41. Rb7+ Kc8 42. Rg7 Bd4 43. Rg8+ Kd7 44. Rg7+ Ke8 45. Rg8+ Kf7 46. Ra8 e4 47.
Rxa6 e3 48. Kc2 e2 49. Kd2 Nc3 50. Ke1 Be5 51. Ra7+ Kf6 0-1

[Event "37th ECC Women 2022"]
[Site "Mayrhofen AUT"]
[Date "2022.10.09"]
[Round "7.3"]
[Board "1"]
[White "Sukandar, Irine Kharisma"]
[Black "Bulmaga, Irina"]
[Result "1/2-1/2"]
[WhiteTitle "IM"]
[BlackTitle "IM"]
[WhiteElo "2401"]
[BlackElo "2417"]
[WhiteTeam "Wood Green"]
[BlackTeam "CSU ASE Superbet"]
[WhiteFideId "7101937"]
[BlackFideId "13903063"]
[EventDate "2022.10.03"]

1. d4 Nf6 2. c4 e6 3. Nf3 d5 4. Nc3 Be7 5. Bf4 O-O 6. e3 Nbd7 7. c5 Ne4 8. Nxe4
dxe4 9. Ne5 Nxe5 10. Bxe5 Bd7 11. Bc4 Bc6 12. O-O Bf6 13. Bg3 Bh4 14. Be5 Bf6
15. Bg3 Bh4 16. Be5 Bf6 17. Bg3 1/2-1/2

[Event "37th ECC Women 2022"]
[Site "Mayrhofen AUT"]
[Date "2022.10.09"]
[Round "7.3"]
[Board "2"]
[White "Saduakassova, Dinara"]
[Black "Arakhamia-Grant, Ketevan"]
[Result "1/2-1/2"]
[WhiteTitle "IM"]
[BlackTitle "GM"]
[WhiteElo "2434"]
[BlackElo "2333"]
[WhiteTeam "CSU ASE Superbet"]
[BlackTeam "Wood Green"]
[WhiteFideId "13700090"]
[BlackFideId "13600168"]
[EventDate "2022.10.03"]

1. c4 g6 2. d4 Bg7 3. Nf3 d6 4. Nc3 Nd7 5. g3 e5 6. Bg2 Ne7 7. O-O O-O 8. b3
exd4 9. Nd5 Nxd5 10. cxd5 d3 11. Bg5 dxe2 12. Qxe2 Bf6 13. Qd2 Nc5 14. b4 Ne4
15. Bxf6 Nxf6 16. Rfc1 Re8 17. Rc4 Bg4 18. Rac1 Rc8 19. h3 Bxf3 20. Bxf3 Nd7 21.
Bg2 a5 22. a3 axb4 23. axb4 Ne5 24. R4c3 h5 25. f4 Nd7 26. f5 Ne5 27. Rf1 Qf6
28. h4 c5 29. dxc6 bxc6 30. Be4 Qe7 31. fxg6 fxg6 32. Qh6 Qg7 33. Qxg7+ Kxg7 34.
Rfc1 Rb8 35. Bxc6 Nxc6 36. Rxc6 Rxb4 37. Rxd6 Re2 38. Rd7+ Kh6 39. Rd3 Rbb2 40.
Rf3 Rg2+ 41. Kf1 Rh2 42. Kg1 Rbg2+ 43. Kf1 Rb2 44. Kg1 Rbg2+ 45. Kf1 1/2-1/2

[Event "37th ECC Women 2022"]
[Site "Mayrhofen AUT"]
[Date "2022.10.09"]
[Round "7.3"]
[Board "3"]
[White "Hunt, Harriet V"]
[Black "Atalik, Ekaterina"]
[Result "0-1"]
[WhiteTitle "IM"]
[BlackTitle "IM"]
[WhiteElo "2359"]
[BlackElo "2406"]
[WhiteTeam "Wood Green"]
[BlackTeam "CSU ASE Superbet"]
[WhiteFideId "403512"]
[BlackFideId "4130189"]
[EventDate "2022.10.03"]

1. e4 e5 2. Nf3 Nc6 3. Bb5 a6 4. Ba4 Nf6 5. O-O Be7 6. Re1 b5 7. Bb3 O-O 8. c3
d6 9. h3 Re8 10. d4 Bf8 11. Nbd2 Na5 12. Bc2 c5 13. a4 b4 14. cxb4 cxb4 15. d5
g6 16. Nf1 Nb7 17. Be3 Nd7 18. N3d2 a5 19. Nb3 Nb6 20. Nbd2 Bd7 21. Bd3 Bg7 22.
Ng3 Rf8 23. b3 Kh8 24. Rc1 f5 25. exf5 gxf5 26. Qf3 Nc5 27. Bxc5 dxc5 28. Red1
Qg5 29. Qh5 Qf6 30. Rxc5 Qd6 31. Rdc1 e4 32. Bb5 Bd4 33. Ndxe4 fxe4 34. Nxe4 Qg6
35. Qxg6 hxg6 36. Bxd7 Nxd7 37. R5c4 Be5 38. Rd1 Rac8 39. Rc6 Rxc6 40. dxc6 Nb8
41. Rc1 Rc8 42. Rc5 Nxc6 43. Kf1 Bb8 44. g4 Kg7 45. h4 Re8 46. Nd2 Re6 47. Rb5
Bc7 48. Rc5 Bb6 49. Rd5 Nd4 50. g5 Kf7 51. Rd7+ Ke8 52. Rb7 Kd8 53. Rh7 Bc7 54.
Rf7 Rc6 55. Ne4 Nxb3 56. Nf6 Nc5 57. h5 gxh5 58. g6 Ne6 59. Rd7+ Kc8 60. Re7 b3
61. Rxe6 b2 62. g7 b1=Q+ 63. Re1 Qd3+ 0-1

[Event "37th ECC Women 2022"]
[Site "Mayrhofen AUT"]
[Date "2022.10.09"]
[Round "7.3"]
[Board "4"]
[White "Efroimski, Marsel"]
[Black "Toma, Katarzyna"]
[Result "1-0"]
[WhiteTitle "IM"]
[BlackTitle "WGM"]
[WhiteElo "2462"]
[BlackElo "2249"]
[WhiteTeam "CSU ASE Superbet"]
[BlackTeam "Wood Green"]
[WhiteFideId "2810964"]
[BlackFideId "1119907"]
[EventDate "2022.10.03"]

1. e4 c5 2. Nf3 d6 3. d4 cxd4 4. Nxd4 Nf6 5. Nc3 a6 6. Qd3 Nbd7 7. a4 Nc5 8. Qe3
e5 9. Nf3 b6 10. Bc4 Be6 11. Be2 h6 12. b4 Ncd7 13. O-O Be7 14. Rd1 Qc7 15. Bb2
O-O 16. Rac1 Qb7 17. Ne1 Ng4 18. Qf3 a5 19. bxa5 Rxa5 20. Bb5 Nc5 21. Nd3 Rc8
22. Nxc5 dxc5 23. Nd5 Bg5 24. Rb1 Nf6 25. h3 Bxd5 26. exd5 e4 27. Qf5 e3 28.
fxe3 Bxe3+ 29. Kh1 Bg5 30. Bc6 Qc7 31. Be5 Qd8 32. Rxb6 g6 33. Qxc8 Qxc8 34. Rb8
Qxb8 35. Bxb8 Ne4 36. Re1 f5 37. d6 Kf7 38. Bxe4 fxe4 39. Rxe4 Bd8 40. Bc7 Ra8
41. Rc4 Ke8 42. a5 1-0

[Event "37th ECC Women 2022"]
[Site "Mayrhofen AUT"]
[Date "2022.10.09"]
[Round "7.4"]
[Board "1"]
[White "Muzychuk, Mariya"]
[Black "Salimova, Nurgyul"]
[Result "1-0"]
[WhiteTitle "GM"]
[BlackTitle "IM"]
[WhiteElo "2527"]
[BlackElo "2415"]
[WhiteTeam "TAJFUN - SK Ljubljana"]
[BlackTeam "SK Erste Bank Baden"]
[WhiteFideId "14114550"]
[BlackFideId "2915138"]
[EventDate "2022.10.03"]

1. e4 e5 2. Nf3 Nc6 3. Bc4 Bc5 4. c3 Nf6 5. d3 d6 6. O-O h6 7. Re1 O-O 8. Nbd2
Bb6 9. h3 Na5 10. Bb5 Bd7 11. Bxd7 Qxd7 12. b4 Nc6 13. Nc4 a5 14. b5 Ne7 15.
Nxb6 cxb6 16. c4 Ng6 17. Nh2 Qe6 18. Ng4 Nd7 19. Ne3 Ne7 20. g4 g6 21. Nd5 Nxd5
22. exd5 Qf6 23. Bxh6 Rfc8 24. Bd2 Kg7 25. Kg2 Rh8 26. Be3 g5 27. Rh1 Qg6 28.
Qe2 Rh4 29. f3 f5 30. Bf2 Rh6 31. gxf5 Qxf5 32. Qe4 Rf8 33. Qxf5 Rxf5 34. Be3
Rhf6 35. Raf1 Nc5 36. d4 Nd3 37. h4 Nf4+ 38. Bxf4 Rxf4 39. dxe5 dxe5 40. hxg5
Rg6 41. Rd1 e4 42. Rh5 exf3+ 43. Kf2 Rd6 44. Rh6 Rxh6 45. gxh6+ Kxh6 46. d6 Rf8
47. d7 Rd8 48. Kxf3 Kg5 49. Ke4 Kf6 50. Rd6+ Ke7 51. Rxb6 Rxd7 52. c5 a4 53. a3
Rc7 54. Kd5 Kd8 55. Rh6 Rg7 56. Rh8+ Kd7 57. b6 Rg6 58. Rb8 Rg5+ 59. Kc4 Rg7 60.
Rxb7+ Kc6 61. Rc7+ Rxc7 62. bxc7 Kxc7 63. Kb5 Kb7 64. Kxa4 Kc6 65. Kb4 Kc7 66.
Kb5 Kb7 67. c6+ Kc7 68. Kc5 Kc8 69. Kb6 Kb8 70. a4 Ka8 71. Kc7 1-0

[Event "37th ECC Women 2022"]
[Site "Mayrhofen AUT"]
[Date "2022.10.09"]
[Round "7.4"]
[Board "2"]
[White "Roebers, Eline"]
[Black "Unuk, Laura"]
[Result "1-0"]
[BlackTitle "IM"]
[WhiteElo "2352"]
[BlackElo "2297"]
[WhiteTeam "SK Erste Bank Baden"]
[BlackTeam "TAJFUN - SK Ljubljana"]
[WhiteFideId "1058401"]
[BlackFideId "14609215"]
[EventDate "2022.10.03"]

1. e4 e5 2. Nf3 Nc6 3. Bb5 a6 4. Ba4 Nf6 5. O-O b5 6. Bb3 Bc5 7. c3 d6 8. a4 Rb8
9. d4 Bb6 10. a5 Ba7 11. h3 O-O 12. Be3 Ra8 13. Nbd2 h6 14. Re1 exd4 15. cxd4
Nb4 16. e5 Nfd5 17. exd6 cxd6 18. Ne4 Nxe3 19. Rxe3 Bb7 20. Qd2 Nd5 21. Ree1 Rc8
22. Ng3 Qf6 23. Re4 g5 24. h4 Nf4 25. hxg5 hxg5 26. Nxg5 Ng6 27. Rg4 Rc7 28.
N5e4 Bxe4 29. Nxe4 Qf5 30. Qh6 Rc4 31. Bxc4 bxc4 32. Ng5 Rb8 33. Re1 d5 34. Qh7+
Kf8 35. Ne6+ fxe6 36. Rxg6 Qf7 37. Qh6+ Ke8 38. Rgxe6+ Kd8 39. Qg5+ Kc8 40. Qxd5 1-0

[Event "37th ECC Women 2022"]
[Site "Mayrhofen AUT"]
[Date "2022.10.09"]
[Round "7.4"]
[Board "3"]
[White "Urh, Zala"]
[Black "Wagner, Dinara"]
[Result "1/2-1/2"]
[WhiteTitle "WIM"]
[BlackTitle "WGM"]
[WhiteElo "2221"]
[BlackElo "2390"]
[WhiteTeam "TAJFUN - SK Ljubljana"]
[BlackTeam "SK Erste Bank Baden"]
[WhiteFideId "14611481"]
[BlackFideId "24157570"]
[EventDate "2022.10.03"]

1. d4 Nf6 2. c4 e6 3. Nf3 d5 4. Nc3 Bb4 5. Bg5 h6 6. Bxf6 Qxf6 7. e3 O-O 8. Qb3
c5 9. cxd5 exd5 10. dxc5 Bxc3+ 11. Qxc3 Qxc3+ 12. bxc3 Be6 13. Bb5 Rc8 14. Nd4
Rxc5 15. Kd2 a6 16. Bd3 Nd7 17. Rhb1 Rc7 18. a4 Rac8 19. Ra3 Kf8 20. a5 Nc5 21.
Bc2 Ke7 22. f3 Bd7 23. Rb4 Be6 24. Rb1 Bd7 25. Rb4 Be6 26. Rb1 1/2-1/2

[Event "37th ECC Women 2022"]
[Site "Mayrhofen AUT"]
[Date "2022.10.09"]
[Round "7.4"]
[Board "4"]
[White "Heinemann, Josefine"]
[Black "Vidic, Teja"]
[Result "1/2-1/2"]
[WhiteTitle "WGM"]
[BlackTitle "WIM"]
[WhiteElo "2318"]
[BlackElo "2126"]
[WhiteTeam "SK Erste Bank Baden"]
[BlackTeam "TAJFUN - SK Ljubljana"]
[WhiteFideId "12900460"]
[BlackFideId "14605511"]
[EventDate "2022.10.03"]

1. e4 e5 2. Nf3 Nc6 3. Bc4 Nf6 4. d3 h6 5. O-O d6 6. a4 g5 7. Nc3 Bg7 8. a5 a6
9. Re1 O-O 10. Be3 Bg4 11. h3 Bh5 12. Nd5 Nxd5 13. Bxd5 Qf6 14. g4 Bg6 15. h4
gxh4 16. g5 Qd8 17. Nxh4 Kh7 18. Kg2 Ne7 19. Nxg6 Nxg6 20. Bxb7 Rb8 21. Bxa6 f5
22. Qh5 f4 23. Bc1 d5 24. exd5 Qxd5+ 25. Kf1 Rf5 26. Bc4 Qc6 27. a6 Rxg5 28. Qh3
Ne7 29. Bxf4 exf4 30. Rxe7 Qg6 31. Ra2 Re8 32. Rxe8 Rg1+ 33. Ke2 Qxe8+ 34. Kf3
Qc6+ 35. Ke2 Qe8+ 36. Kf3 Qc6+ 37. Kxf4 Qd6+ 38. Kf3 Qf6+ 39. Ke2 Qe5+ 40. Qe3
Qh5+ 41. Qf3 Re1+ 42. Kxe1 Qxf3 43. a7 Bd4 44. a8=Q Qxf2+ 45. Kd1 Qf1+ 46. Kd2
Qf2+ 47. Kd1 Qf1+ 48. Kd2 1/2-1/2

[Event "37th ECC Women 2022"]
[Site "Mayrhofen AUT"]
[Date "2022.10.09"]
[Round "7.5"]
[Board "1"]
[White "Mammadzada, Gunay"]
[Black "Eric, Jovana"]
[Result "1-0"]
[WhiteTitle "IM"]
[BlackTitle "WGM"]
[WhiteElo "2483"]
[BlackElo "2252"]
[WhiteTeam "Odlar Yurdu"]
[BlackTeam "Sirmium"]
[WhiteFideId "13403729"]
[BlackFideId "938238"]
[EventDate "2022.10.03"]

1. e4 c5 2. Nf3 d6 3. d4 cxd4 4. Nxd4 Nf6 5. Nc3 a6 6. Bd3 g6 7. b3 Bg7 8. Bb2
O-O 9. Qd2 Nbd7 10. Nd5 Ne5 11. O-O Nxd3 12. Qxd3 Nxd5 13. exd5 Bd7 14. Rfe1 Bf6
15. Re3 Rc8 16. a4 Qc7 17. a5 Qc5 18. c4 Rfe8 19. Bc3 Kg7 20. Rae1 Kg8 21. Re4
b5 22. axb6 Qxb6 23. h4 h5 24. R1e3 Kh7 25. Rf4 Rf8 26. Ref3 Bg4 27. Rxf6 exf6
28. Rxf6 Rce8 29. f3 Bd7 30. f4 Re7 31. Kh2 Rg8 32. Nf3 Rf8 33. Ng5+ Kg8 34.
Rxg6+ 1-0

[Event "37th ECC Women 2022"]
[Site "Mayrhofen AUT"]
[Date "2022.10.09"]
[Round "7.5"]
[Board "2"]
[White "Blagojevic, Tijana"]
[Black "Fataliyeva, Ulviyya"]
[Result "1/2-1/2"]
[WhiteTitle "WIM"]
[BlackTitle "IM"]
[WhiteElo "2266"]
[BlackElo "2422"]
[WhiteTeam "Sirmium"]
[BlackTeam "Odlar Yurdu"]
[WhiteFideId "16500270"]
[BlackFideId "13403052"]
[EventDate "2022.10.03"]

1. e4 c6 2. Nf3 d5 3. d3 g6 4. e5 Bg7 5. d4 c5 6. c3 Nc6 7. Bb5 Qb6 8. Bxc6+
bxc6 9. O-O Nh6 10. Nbd2 cxd4 11. cxd4 O-O 12. Nb3 Bg4 13. h3 Bxf3 14. Qxf3 f6
15. exf6 Rxf6 16. Qd3 Nf5 17. Bd2 Rf7 18. Bc3 a5 19. Rac1 Nd6 20. Nc5 Nb5 21. a4
Nc7 22. Rc2 e5 23. dxe5 Qxc5 24. e6 Nxe6 25. Bxg7 Qb4 26. Be5 Rf5 27. f4 Qxa4
28. Rfc1 Nxf4 29. Bxf4 Qxf4 30. Rxc6 Qf2+ 31. Kh1 Qxb2 32. g4 Rf7 33. Qxd5 Kg7
34. Rc7 Rf8 35. Qxa5 Kh6 36. Qe1 Qd4 37. Rd1 Rf1+ 38. Qxf1 Rxf1+ 39. Rxf1 Qe4+
40. Kg1 Qe3+ 41. Kg2 Qe4+ 42. Rf3 Qe2+ 43. Rf2 Qe4+ 44. Rf3 Qe2+ 45. Rf2 Qe4+
46. Rf3 1/2-1/2

[Event "37th ECC Women 2022"]
[Site "Mayrhofen AUT"]
[Date "2022.10.09"]
[Round "7.5"]
[Board "3"]
[White "Mammadova, Gulnar"]
[Black "Gajcin, Marina"]
[Result "1/2-1/2"]
[WhiteTitle "IM"]
[BlackTitle "WIM"]
[WhiteElo "2389"]
[BlackElo "2228"]
[WhiteTeam "Odlar Yurdu"]
[BlackTeam "Sirmium"]
[WhiteFideId "13403508"]
[BlackFideId "949086"]
[EventDate "2022.10.03"]

1. e4 c5 2. Nf3 Nc6 3. Bb5 g6 4. Bxc6 dxc6 5. d3 Bg7 6. h3 Nf6 7. Nc3 O-O 8. Be3
b6 9. Qd2 Ne8 10. Bh6 f6 11. e5 Be6 12. O-O Qd7 13. Rae1 Bxh6 14. Qxh6 Ng7 15.
Qd2 Rad8 16. Ne4 Bd5 17. Qc3 f5 18. Ned2 Ne6 19. Kh2 Qe8 20. Ng1 g5 21. f3 Qh5
22. Nc4 g4 23. f4 Kh8 24. Ne3 Rg8 25. Nxd5 cxd5 26. Qd2 Rg6 27. Qd1 Qh6 28. g3
gxh3 29. Qf3 Nd4 30. Qf2 Rdg8 31. Re3 Ne6 32. Nxh3 Qg7 33. Kg2 Rh6 34. Rh1 Qg4
35. Rf3 Nd4 36. Re3 Ne6 37. Rf3 Rgg6 38. c3 Rh5 39. Ng1 Rxh1 40. Kxh1 Rh6+ 41.
Kg2 Qh5 42. Kf1 Qe8 43. Re3 d4 44. Re2 dxc3 45. bxc3 Nc7 46. Qf3 Qd8 47. Rg2 Qd5
48. c4 Qd4 49. g4 Rh4 50. Ne2 Rh1+ 51. Rg1 Rxg1+ 52. Nxg1 fxg4 53. Qxg4 Qxd3+
54. Ne2 e6 55. Qg5 Qd7 56. f5 exf5 57. Qf6+ Kg8 58. Nf4 Qd1+ 59. Kf2 Qd4+ 60.
Kf3 Qe4+ 61. Kg3 Qe3+ 62. Kg2 Qxf4 63. Qd8+ Kf7 64. Qxc7+ Kg6 65. Qc6+ Kg5 66.
Qf6+ Kg4 67. e6 Qd2+ 68. Kf1 Qc1+ 69. Kf2 Qf4+ 70. Ke1 Qe3+ 71. Kd1 Qd3+ 72. Kc1
Qxc4+ 73. Kb2 Qb4+ 74. Kc1 Qa3+ 75. Kb1 Qd3+ 76. Kb2 Qd2+ 77. Kb1 c4 78. Qg7+
Kf3 79. Qe5 Qd1+ 80. Kb2 Qd2+ 81. Kb1 Qd1+ 82. Kb2 Qd2+ 83. Kb1 Qd3+ 84. Kb2
Qd2+ 1/2-1/2

[Event "37th ECC Women 2022"]
[Site "Mayrhofen AUT"]
[Date "2022.10.09"]
[Round "7.5"]
[Board "4"]
[White "Zarkovic, Mila"]
[Black "Balajayeva, Khanim"]
[Result "0-1"]
[WhiteTitle "WIM"]
[BlackTitle "WGM"]
[WhiteElo "2219"]
[BlackElo "2384"]
[WhiteTeam "Sirmium"]
[BlackTeam "Odlar Yurdu"]
[WhiteFideId "900451"]
[BlackFideId "13406396"]
[EventDate "2022.10.03"]

1. e4 e5 2. Nf3 Nc6 3. Bb5 a6 4. Ba4 Nf6 5. O-O Be7 6. Re1 b5 7. Bb3 d6 8. a4
Bd7 9. c3 O-O 10. d3 Na5 11. Bc2 c5 12. Nbd2 Qc7 13. Nf1 Rfc8 14. Ne3 g6 15. h3
b4 16. cxb4 cxb4 17. d4 Bf8 18. Bd3 exd4 19. Nxd4 Bg7 20. Bd2 Qb6 21. Nb3 Be6
22. Nxa5 Qxa5 23. Qe2 Re8 24. Nc2 Rab8 25. Be3 Bd7 26. Bd4 Qg5 27. Qe3 Qxe3 28.
Nxe3 Nxe4 29. Bxg7 Kxg7 30. Bxa6 Nc5 31. Bc4 Bxa4 32. Nd5 Rxe1+ 33. Rxe1 Rb7 34.
Re3 Bd7 35. Re7 Be6 36. Rxb7 Nxb7 37. Ne3 Bxc4 38. Nxc4 Kf6 39. Kf1 Ke6 40. Ke2
Kd5 41. Ne3+ Kd4 42. Kd2 Nc5 43. Nd1 f5 44. h4 d5 45. Kc2 Nd3 46. Kd2 f4 47. Ke2
Ne5 48. Kd2 f3 49. g3 b3 50. Nc3 Nc4+ 51. Kc1 Kd3 52. Nxd5 Ke2 53. g4 Kxf2 0-1

[Event "37th ECC Women 2022"]
[Site "Mayrhofen AUT"]
[Date "2022.10.09"]
[Round "7.6"]
[Board "1"]
[White "Katkov, Michelle"]
[Black "Enkhtuul, Altan-Ulzii"]
[Result "1/2-1/2"]
[WhiteTitle "WFM"]
[BlackTitle "WGM"]
[WhiteElo "2219"]
[BlackElo "2295"]
[WhiteTeam "Rishon Lezion Chess Club"]
[BlackTeam "Philidor Mulhouse"]
[WhiteFideId "2816393"]
[BlackFideId "4901444"]
[EventDate "2022.10.03"]

1. e4 e6 2. d4 d5 3. Nd2 c5 4. exd5 exd5 5. Ngf3 Nc6 6. Bb5 cxd4 7. O-O Bd6 8.
Nb3 Ne7 9. Nbxd4 O-O 10. h3 Nxd4 11. Nxd4 Bc7 12. Bd3 Qd6 13. g3 Bb6 14. c3 Bxd4
15. cxd4 Bf5 16. Bg5 f6 17. Bf4 Qd7 18. Bxf5 Qxf5 19. Bd6 Rf7 20. g4 Qd7 21.
Bxe7 Rxe7 22. Qd2 h5 23. f3 Rae8 24. Rae1 hxg4 25. hxg4 f5 26. Rxe7 Rxe7 27. Qf4
Rf7 28. Re1 fxg4 29. Qxg4 Qxg4+ 30. fxg4 Rf4 31. Re7 Rxg4+ 32. Kf2 Rxd4 33. Rxb7
Ra4 34. a3 Kh7 35. Ke3 Kh6 36. Rd7 Ra5 37. Kf4 g5+ 38. Kg4 Ra4+ 39. b4 Rxa3 40.
Rd6+ Kg7 41. Kxg5 Kf7 42. Rxd5 Ke6 43. Ra5 Rg3+ 44. Kf4 Rg7 45. Ke4 Rb7 46. Ra6+
Kd7 47. Kd5 Rxb4 48. Rxa7+ Kc8 1/2-1/2

[Event "37th ECC Women 2022"]
[Site "Mayrhofen AUT"]
[Date "2022.10.09"]
[Round "7.6"]
[Board "2"]
[White "Klek, Hanna Marie"]
[Black "Federovski, Adi"]
[Result "1/2-1/2"]
[WhiteTitle "WGM"]
[WhiteElo "2301"]
[BlackElo "1967"]
[WhiteTeam "Philidor Mulhouse"]
[BlackTeam "Rishon Lezion Chess Club"]
[WhiteFideId "24670057"]
[BlackFideId "2813777"]
[EventDate "2022.10.03"]

1. d4 Nf6 2. c4 e6 3. Nc3 Bb4 4. e3 c5 5. Bd3 Nc6 6. Ne2 b6 7. O-O Bxc3 8. bxc3
O-O 9. e4 Ne8 10. e5 d6 11. Be4 Bb7 12. Qd3 f5 13. exf6 Nxf6 14. Bg5 h6 15. Bh4
Qd7 16. Bf3 e5 17. Bxc6 Qxc6 18. d5 Qa4 19. Bxf6 Rxf6 20. Ng3 Rd8 21. Nh5 Rf7
22. Rae1 b5 23. cxb5 c4 24. Qb1 Bxd5 25. f4 e4 26. f5 Rb8 27. f6 Qxb5 28. Qd1
Qc5+ 29. Kh1 e3 30. Nxg7 Rb2 31. Re2 Rfb7 32. Rg1 Bf7 33. Rxb2 Rxb2 34. Qf3 e2
35. Re1 Qg5 36. h3 Rxa2 37. Nf5 Qxf6 38. Qg3+ Kh7 39. Nxd6 Qg6 40. Qe5 Qg7 41.
Qe4+ Qg6 42. Qe7 Kg7 43. Ne8+ Kh7 44. Nf6+ Kg7 45. Ne8+ Kh7 1/2-1/2